[Event "Arandjelovac ASK-13 IM"]
[Site "Arandjelovac"]
[Date "2023.12.21"]
[Round "5"]
[White "Kosic, Dragan"]
[Black "Alikhanyan, Artak"]
[Result "1-0"]
[WhiteElo "2402"]
[BlackElo "2209"]
[PlyCount "49"]
[EventDate "2023.12.18"]
[EventType "tourn"]
[EventRounds "9"]
[EventCountry "SRB"]
[SourceTitle "CB52_2023"]
[SourceDate "2023.12.27"]
[SourceVersion "1"]
[SourceVersionDate "2023.12.27"]
[SourceQuality "1"]

1. d4 d5 2. Nf3 Nf6 3. c4 c6 4. Nc3 dxc4 5. e3 b5 6. a4 b4 7. Na2 e6 8. Bxc4 Bb7 9. b3 Be7 10. Bb2 0-0 11. Nc1 a5 12. Nd3 Nbd7 13. 0-0 c5 14. Rc1 Rc8 15. Qe2 cxd4 16. Nxd4 Nb6 17. Nxe6 fxe6 18. Bxe6+ Kh8 19. Bxc8 Bxc8 20. Nf4 Nfd5 21. Rfd1 Rxf4 22. exf4 Bb7 23. Bd4 Nd7 24. Qb5 Ba8 25. Qa6 1-0

[Event "Arandjelovac ASK-12 IM"]
[Site "Arandjelovac"]
[Date "2023.12.16"]
[Round "8"]
[White "Alikhanyan, Artak"]
[Black "Sredojevic, Ivan"]
[Result "1/2-1/2"]
[WhiteElo "2209"]
[BlackElo "2267"]
[PlyCount "50"]
[EventDate "2023.12.11"]
[EventType "tourn"]
[EventRounds "9"]
[EventCountry "SRB"]
[SourceTitle "CB51_2023"]
[SourceDate "2023.12.20"]
[SourceVersion "1"]
[SourceVersionDate "2023.12.20"]
[SourceQuality "1"]

1. e4 d6 2. d4 Nf6 3. Nc3 e5 4. Nf3 Nbd7 5. Bc4 Be7 6. 0-0 0-0 7. Re1 c6 8. a4 h6 9. h3 Re8 10. Be3 exd4 11. Nxd4 Bf8 12. Bf4 d5 13. exd5 Rxe1+ 14. Qxe1 Nb6 15. Bd3 Nbxd5 16. Nxd5 Nxd5 17. Bd2 Nf4 18. Bxf4 Qxd4 19. Be5 Qh4 20. Bg3 Qe7 21. a5 a6 22. Qd2 Be6 23. Ra4 Rd8 24. Bh4 g5 25. Bg3 Bf5 1/2-1/2

[Event "Arandjelovac ASK-12 IM"]
[Site "Arandjelovac"]
[Date "2023.12.15"]
[Round "6"]
[White "Alikhanyan, Artak"]
[Black "Kosic, Dragan"]
[Result "0-1"]
[WhiteElo "2209"]
[BlackElo "2402"]
[PlyCount "40"]
[EventDate "2023.12.11"]
[EventType "tourn"]
[EventRounds "9"]
[EventCountry "SRB"]
[SourceTitle "CB51_2023"]
[SourceDate "2023.12.20"]
[SourceVersion "1"]
[SourceVersionDate "2023.12.20"]
[SourceQuality "1"]

1. e4 e6 2. d4 d5 3. Nc3 a6 4. Nf3 Nf6 5. Bd3 c5 6. exd5 exd5 7. dxc5 Bxc5 8. 0-0 0-0 9. Bg5 Be6 10. Qd2 Re8 11. Rae1 Nc6 12. Ne2 h6 13. Bh4 Bg4 14. Qf4 Bxf3 15. Qxf3 Ne5 16. Qf5 Nxd3 17. Qxd3 Re4 18. Bg3 Qe7 19. b4 Bb6 20. c4 dxc4 0-1

[Event "Arandjelovac ASK-12 IM"]
[Site "Arandjelovac"]
[Date "2023.12.13"]
[Round "3"]
[White "Alikhanyan, Artak"]
[Black "Ghazaryan, Raffi"]
[Result "0-1"]
[WhiteElo "2209"]
[BlackElo "2053"]
[PlyCount "72"]
[EventDate "2023.12.11"]
[EventType "tourn"]
[EventRounds "9"]
[EventCountry "SRB"]
[SourceTitle "CB51_2023"]
[SourceDate "2023.12.20"]
[SourceVersion "1"]
[SourceVersionDate "2023.12.20"]
[SourceQuality "1"]

1. e4 c5 2. Nf3 e6 3. d4 cxd4 4. Nxd4 Nf6 5. Nc3 d6 6. Be3 a6 7. f3 b5 8. Qd2 Bb7 9. g4 Be7 10. Bd3 Nc6 11. Nxc6 Bxc6 12. g5 Nd7 13. Ne2 Bb7 14. Nd4 d5 15. exd5 Bxd5 16. Rg1 0-0 17. f4 e5 18. Nf5 Bc5 19. 0-0-0 Re8 20. fxe5 Bxa2 21. Nh6+ Kh8 22. Bf5 Qb6 23. Rg3 Be6 24. Bxe6 fxe6 25. Ng4 Red8 26. Qe2 Bxe3+ 27. Rxe3 Nc5 28. Rf1 Qa5 29. Ra3 Qb4 30. Kb1 Ne4 31. Ka1 Nd2 32. c3 Qc4 33. Re1 Nb3+ 34. Kb1 Nd2+ 35. Kc2 Qf4 36. Rea1 Nc4 0-1

[Event "Poti op 16th"]
[Site "Poti"]
[Date "2023.07.16"]
[Round "5"]
[White "Chkhaidze, Nikoloz"]
[Black "Alikhanyan, Artak"]
[Result "1/2-1/2"]
[WhiteElo "2293"]
[BlackElo "2129"]
[PlyCount "53"]
[EventDate "2023.07.12"]
[EventType "swiss"]
[EventRounds "9"]
[EventCountry "GEO"]
[SourceTitle "EXT 2024"]
[Source "ChessBase"]
[SourceDate "2023.10.10"]
[SourceVersion "1"]
[SourceVersionDate "2023.10.10"]
[SourceQuality "1"]

1. e4 c5 2. Nc3 d6 3. d4 cxd4 4. Qxd4 Nc6 5. Qd2 g6 6. b3 Bh6 7. f4 f5 8. Bb2 Nf6 9. 0-0-0 Rf8 10. Nge2 fxe4 11. h3 Nh5 12. Kb1 Nxf4 13. Nxe4 Bf5 14. N2c3 Qa5 15. Re1 0-0-0 16. Ng3 Nh5 17. Qxh6 Nxg3 18. Rg1 Nxf1 19. Rgxf1 Nd4 20. Rf2 Bxc2+ 21. Rxc2 Nxc2 22. Kxc2 Rf2+ 23. Re2 Qf5+ 24. Kd2 Rxe2+ 25. Nxe2 Qb1 26. Qg7 Qxa2 27. Kc2 1/2-1/2